000
00329nam a22001457a 4500
008
221207b ||||| |||| 00| 0 eng d
020
_a
9781284005455
041
_a
eng
080
_a
61
082
_a
61MCK
100
_a
4
101
_a
MJK
245
_a
HEALTH PROMOTION ACROSS THE LIFE SPAN
_c
MCKENZIE F J
942
_2
udc
_c
BK
999
_c
59118
_d
59118